000 00632nam a2200205 a 4500
001 18565
003 CO-ViMGA
008 141112s2004 ck r 000 u spa d
020 _a9586166244
040 _aCO-ViMGA
_bspa
_cCO-ViMGA
082 0 4 _a350.986 G653
100 1 _aGómez Pavajeau, Carlos Arturo
_926416
245 1 0 _aDogmática del derecho disciplinario
260 _aBogotá,
_cUniversidad externado de Colombia,
_c2001
300 _a218.p.
590 _aForma de adquisición : Premio - Mincultura
650 1 4 _aFUNCION PUBLICA - COLOMBIA
_922813
650 1 4 _aPROCESO DISCIPLINARIO - COLOMBIA
_926417
942 _2ddc
_cBK
999 _c27827
_d27827